Logos Alphabetically Sports Teams #1 - Statistics

General Stats
  • This quiz has been taken 35 times
  • The average score is 19 of 20
Answer Stats
Picture Answer % Correct
Bulls
100%
Celtics
100%
Dolphins
96%
Eagles
96%
Falcons
96%
Hornets
96%
Lakers
96%
Penguins
96%
Steelers
96%
Titans
96%
Avalanche
92%
Nuggets
92%
Oilers
92%
Islanders
88%
Kings
88%
Mets
88%
Guardians
85%
Rangers
85%
White Sox
85%
Yankees
85%
No matching quizzes found
Score Distribution
Percent of People with Each Score
Percentile by Number Answered
Your Score History
You have not taken this quiz